Non-Conventional Energy Sources and Utilisation / | (Energy Engineering) (Record no. 13731)
[ view plain ]
| 000 -LEADER | |
|---|---|
| fixed length control field | 00443nam a22001697a 4500 |
| 003 - CONTROL NUMBER IDENTIFIER | |
| control field | OSt |
| 008 - FIXED-LENGTH DATA ELEMENTS--GENERAL INFORMATION | |
| fixed length control field | 241101b |||||||| |||| 00| 0 eng d |
| 020 ## - INTERNATIONAL STANDARD BOOK NUMBER | |
| ISBN | 9788121939713 |
| 020 ## - INTERNATIONAL STANDARD BOOK NUMBER | |
| ISBN | 8121939712 |
| 082 ## - DEWEY DECIMAL CLASSIFICATION NUMBER | |
| Classification number | 621.47 |
| Item number | RAJ/NO |
| 100 ## - MAIN ENTRY--AUTHOR NAME | |
| Personal name | Rajput, R.K |
| 245 ## - TITLE STATEMENT | |
| Title | Non-Conventional Energy Sources and Utilisation / |
| Remainder of title | (Energy Engineering) |
| 250 ## - EDITION STATEMENT | |
| Edition statement | 2 rv |
| 260 ## - PUBLICATION, DISTRIBUTION, ETC. (IMPRINT) | |
| Place of publication | New Delhi |
| Name of publisher | S.Chand & Company |
| Year of publication | 2012214 |
| 300 ## - PHYSICAL DESCRIPTION | |
| Number of Pages | 432p |
| 942 ## - ADDED ENTRY ELEMENTS (KOHA) | |
| Koha item type | Books |
| Withdrawn status | Lost status | Damaged status | Collection code | Home library | Current library | Shelving location | Date acquired | Source of acquisition | Cost, normal purchase price | Full call number | Accession Number | Koha item type |
|---|---|---|---|---|---|---|---|---|---|---|---|---|
| Non-fiction | KAUAET | KAUAET | Shelf- 7A | 31/03/2012 | Penta Book Distributors, Calicut | 250.00 | 621.47 RAJ/NO | 22735 | Books | |||
| Non-fiction | KAUAET | KAUAET | Shelf- 7A | 31/03/2012 | Penta Book Distributors, Calicut | 250.00 | 621.47 RAJ/NO | 22736 | Books | |||
| Non-fiction | KAUAET | KAUAET | Shelf- 7A | 31/03/2012 | Penta Book Distributors, Calicut | 250.00 | 621.47 RAJ/NO | 22737 | Books | |||
| Non-fiction | KAUAET | KAUAET | Shelf- 7A | 31/03/2012 | Penta Book Distributors, Calicut | 250.00 | 621.47 RAJ/NO | 22738 | Books | |||
| Non-fiction | KAUAET | KAUAET | Shelf- 7A | 31/03/2012 | Penta Book Distributors, Calicut | 250.00 | 621.47 RAJ/NO | 22739 | Books | |||
| KAUAET | KAUAET | Shelf- 7A | 04/07/2016 | Aman Book Stall, Calicut | 300.00 | 621.47 RAJ/NO | 24975 | Books | ||||
| KAUAET | KAUAET | Shelf- 7A | 04/07/2016 | Aman Book Stall, Calicut | 300.00 | 621.47 RAJ/NO | 24976 | Books |
